000
00287nam a22001217a 4500
020
_a
0-936166-05-3
082
_a
515 RAT'E
100
_a
RATTI, J. S
_9
74728
245
_a
ELEMENTARY APPLIED CALCULUS
260
_a
FLORIDA
_b
MARINER PUBLISHING
_c
1981
300
_a
VII, 445P
942
_c
BK
999
_c
580225
_d
580225